| 000 | 00356nam a2200133Ia 4500 | ||
|---|---|---|---|
| 001 | 4069 | ||
| 008 | 241024s9999 xx 000 0 und d | ||
| 082 | _aRD/864.5/SA232b/2015 | ||
| 100 | _aJulio Cesar Santana | ||
| 245 | 0 | _aBosch en diálogos imaginarios y otros asuntos | |
| 260 |
_bSanto Domingo _c2015 |
||
| 901 | _a11/3/2016 10:32:39 a.m. | ||
| 999 |
_c7707 _d7707 |
||